Statistiken für Städte auf Gemälden

Klicken Sie hier um das Quiz zu spielen!

Allgemein

  • Dieses Quiz wurde 880 mal gespielt
  • Das Durchschnittsergebnis liegt bei 8 aus 16

Antwortstatistiken

Antwort% Korrekt
New York
99%
London
97%
Paris
95%
Berlin
77%
Rom
74%
Moskau
73%
Tokio (damals Edo)
67%
Hamburg
65%
Rio de Janeiro
46%
Mekka
45%
Dresden
19%
Wien
16%
Frankfurt am Main
15%
Arles
3%
Delft
3%
Melbourne
1%

Verteilung der Resultate

Perzentil nach korrekt beantworteten Fragen

Anzahl Personen mit jedem Resultat

Ihre Resultats-Entwicklung

Sie haben dieses Quiz noch nicht gespielt